[Event "BCF-chT 96/97"]
[Site "England"]
[Date "1997.??.??"]
[Round "6"]
[White "Headlong, Timothy"]
[Black "Summerscale, Aaron"]
[Result "0-1"]
[WhiteElo "2305"]
[BlackElo "2500"]

1.c4 c6 2.e4 d5 3.exd5 Nf6 4.d4 cxd5 5.Nc3 Nc6 6.Nf3 Bg4 7.cxd5 Nxd5 8.Qb3 Bxf3
9.gxf3 e6 10.Qxb7 Nxd4 11.Bb5+ Nxb5 12.Qc6+ Ke7 13.Qxb5 Qd7 14.Nxd5+ Qxd5
15.Qxd5 exd5 16.Bg5+ f6 17.Be3 Ke6 18.O-O Bb4 19.Rac1 Rhd8 20.Rfd1 a6 21.Rc7 Bf8
22.Bd4 Rd7 23.Rdc1 Rxc7 24.Rxc7 Kd6 25.Rb7 Kc6 26.Rf7 Rb8 27.b3 Re8 28.Kf1 Bb4
29.Rxg7 Re1+ 30.Kg2 Rd1 31.Bxf6 d4 32.Rg4 Bc5 33.b4 Bb6 34.a4 d3 35.b5+ axb5
36.axb5+ Kxb5 37.Bg5 d2 38.Kh3 h5 39.Rh4 Bxf2 40.Rxh5 Kc4 41.Rh8 Bb6 42.Bxd2 Rxd2
43.Kg4 Bd4 44.Rc8+ Kd3 45.h4 Rg2+ 46.Kf4 Rg7 47.Rd8 Rf7+ 48.Kg3 Rg7+ 49.Kf4 Rh7
50.Kg3 Kc4 51.Rg8 Kd5 52.Rg5+ Ke6 53.Rg6+ Bf6 54.Rg4 Be5+ 55.Kf2 Ra7 56.Rg6+ Kf5
57.Rg5+ Kf6 58.Rg4 Ra2+ 59.Ke3 Rh2 60.Ra4 Ke6 61.Ra6+ Bd6 62.Ra4 Be7 63.Kd3 Kf7
64.Rf4+ Kg6 65.Rg4+ Kf5 66.Ra4 Bxh4 67.Ra5+ Kg6 68.Ra6+ Bf6 69.Ke3 Kf5 70.Ra5+ Be5
71.Rb5 Ra2 72.Rb3 Bf4+ 73.Kd4 Bg3 74.Rb7 Rd2+ 75.Kc4 Kf4 76.Rf7+ Ke3 77.Kc5 Bf4
78.Kc6 Kxf3 79.Rf5 Ke4 80.Rc5 Rd6+ 81.Kb5 Be3 82.Rc6 Rd5+ 83.Kc4 Bd4 84.Re6+ Be5
85.Re8 Rd1 86.Kb5 Kd5 87.Rd8+ Bd6 88.Ka4 Kc4  0-1

[Event "BCF-chT 96/97"]
[Site "England"]
[Date "1997.??.??"]
[Round "10"]
[White "McNab, Colin Anderson"]
[Black "Wilson, Jonathan"]
[Result "1-0"]
[WhiteElo "2455"]
[BlackElo "2310"]

1.c4 c6 2.Nf3 d5 3.e3 Nf6 4.Qc2 e6 5.d4 Nbd7 6.Nc3 Bd6 7.Bd2 O-O 8.O-O-O Qe7
9.Rg1 Re8 10.g4 dxc4 11.e4 e5 12.g5 Nh5 13.Bxc4 exd4 14.Nxd4 g6 15.Nf5 gxf5
16.g6 hxg6 17.Rxg6+ Ng7 18.Rdg1 Be5 19.exf5 Nf8 20.Rh6 b5 21.Bb3 b4 22.Na4 c5
23.Qd3 c4 24.Qh3 Ng6 25.Rgxg6 fxg6 26.Bxc4+ Be6 27.fxe6 Nh5 28.Rxg6+ Bg7
29.Qxh5 Rac8 30.b3 Qb7 31.Bh6 Qh1+ 32.Qd1  1-0

[Event "FIN-ch U18"]
[Site "FIN"]
[Date "1997.??.??"]
[Round "4"]
[White "Pihlajasalo, Antti"]
[Black "Kallio, Heikki"]
[Result "1/2-1/2"]
[WhiteElo "2205"]
[BlackElo "2240"]

1.c4 c6 2.Nf3 d5 3.e3 Nf6 4.Nc3 g6 5.d4 Bg7 6.Bd3 O-O 7.O-O Bf5 8.b3 Bxd3
9.Qxd3 a6 10.Bb2 b5 11.Rac1 Nbd7 12.Rfd1 b4 13.Na4 Ne4 14.Ne5 Nb8 15.Nxc6 Nxc6
16.cxd5 Qxd5 17.Nb6 Qf5 18.f3 Nc3 19.Qxf5 gxf5 20.Bxc3 Rab8 21.Nd7 bxc3 22.Nxb8 Rxb8
23.Rxc3 Nb4 24.Rdc1 Nxa2 25.Rc8+ Rxc8 26.Rxc8+ Bf8 27.d5 Nb4 28.e4 fxe4 29.fxe4 Kg7
30.Rd8 Nd3 31.Ra8 Nc5 32.e5 Nxb3 33.Rxa6 Nc5 34.Ra7 Kg6 35.Rc7 Ne4 36.g4 Ng5
37.Kg2 f6 38.e6 Ne4 39.Rc8 Bg7 40.Rc7 Bf8 41.Rc8 Bg7 42.Rg8 f5 43.g5 h6 44.h4 hxg5
45.hxg5 f4 46.Kf3 Nxg5+ 47.Kxf4 Kf6 48.Rxg7 Nxe6+ 49.dxe6 Kxg7 50.Kg5 Kh7  1/2-1/2

[Event "FIN-chT 9798"]
[Site "Finland"]
[Date "1997.??.??"]
[Round "2"]
[White "Raisa, Unto"]
[Black "Salo, Heikki"]
[Result "1-0"]
[WhiteElo "2195"]
[BlackElo "2290"]

1.c4 c6 2.Nf3 d5 3.d4 Nf6 4.e3 a6 5.a4 e6 6.Bd3 Nbd7 7.O-O Bd6 8.Nc3 O-O
9.e4 dxe4 10.Nxe4 Nxe4 11.Bxe4 e5 12.Bc2 f5 13.c5 Bb8 14.b4 h6 15.Bb3+ Kh8
16.dxe5 Nxe5 17.Bb2 Qxd1 18.Raxd1 Nxf3+ 19.gxf3 Bf4 20.Rfe1 Bg5 21.f4 Bh4
22.a5 Kh7 23.Rd6 Bd8 24.Kg2 Bh4 25.Kh3 Bd8 26.Kg3 Rb8 27.h4 Ra8 28.h5 Bf6
29.Bxf6 gxf6 30.Re7+ Kh8 31.Bf7 Rb8 32.Kh4 Ra8 33.Bg6 Kg8 34.Rd1 Rb8 35.Bh7+ Kh8
36.Bg6 Kg8 37.Rde1 Ra8 38.Rc7 Rd8 39.Ree7 Kf8 40.Rh7 Kg8 41.Rcg7+ Kf8 42.Bf7  1-0

[Event "FRA-chT9697 groupe A"]
[Site "France"]
[Date "1997.??.??"]
[Round "2"]
[White "Hauchard, Arnaud"]
[Black "Kallai, Gabor"]
[Result "1/2-1/2"]
[WhiteElo "2510"]
[BlackElo "2505"]

1.c4 c6 2.d4 d5 3.Nf3 Nf6 4.Nc3 a6 5.e3 b5 6.b3 Bg4 7.Bd3 Nbd7 8.h3 Bxf3
9.Qxf3 bxc4 10.bxc4 e5 11.Qe2 Bb4 12.Bd2 O-O 13.O-O exd4 14.exd4 Re8 15.Qf3 c5
16.Rad1 dxc4 17.Bxc4 cxd4  1/2-1/2

[Event "FRA-chT9697 groupe B"]
[Site "France"]
[Date "1997.??.??"]
[Round "2"]
[White "Peyrat, Olivier"]
[Black "Neron de Surgy, Gilles"]
[Result "1/2-1/2"]
[WhiteElo "2370"]
[BlackElo "2210"]

1.c4 c6 2.Nf3 d5 3.b3 Bg4 4.e3 e6 5.Bb2 Nd7 6.h3 Bh5 7.Be2 Ngf6 8.Nc3 h6
9.Rc1 Bd6 10.cxd5 exd5 11.Nh4 Bxe2 12.Qxe2 g6 13.Nf3 O-O 14.g4 Ne4 15.d3 Nxc3
16.Bxc3 Qe7 17.Ba1 Ne5 18.Nxe5 Bxe5 19.Bxe5 Qxe5 20.d4 Qe4 21.Kd2 a5 22.Qd3 Qf3
23.Qe2 Qe4 24.Qd3 Qf3 25.Qe2  1/2-1/2

[Event "FRA-chT9697 groupe B"]
[Site "France"]
[Date "1997.??.??"]
[Round "6"]
[White "Ebalard, Marc"]
[Black "Flouzat, Jean Marc"]
[Result "1/2-1/2"]
[WhiteElo "2250"]
[BlackElo "2245"]

1.c4 c6 2.b3 d5 3.Bb2 Nf6 4.Nf3 Bf5 5.g3 e6 6.Bg2 h6 7.O-O Be7 8.d3 O-O 9.Nbd2 Bh7
10.Rc1 a5 11.a3 Nbd7 12.Qc2 Qb6 13.cxd5 exd5 14.Bh3 Rfe8 15.Qb1 Bd6 16.Qa1 Qc7
17.Rfe1 Ne5 18.Nd4 Bf8 19.N2f3 Nxf3+ 20.Nxf3 Nd7 21.Bc3 Qd6 22.Qb2 Nf6 23.b4 axb4
24.axb4 Ra4 25.Ra1 Rea8 26.Rxa4 Rxa4 27.Ra1 Rxa1+ 28.Qxa1 Qb8 29.Bxf6 gxf6
30.Qxf6 Bg7 31.Qe7 Bf8 32.Qd7 Bg6 33.Nh4 Bxb4 34.Nxg6 fxg6 35.Be6+ Kh8 36.Qf7 Qf8
37.Qxb7 Be1 38.Bf7 Bxf2+ 39.Kxf2 Kg7 40.Ke3 Qxf7 41.Qxf7+ Kxf7 42.Kd4 Ke6
43.Kc5 Kd7 44.Kb6 Kd6 45.d4 g5 46.g4 Kd7 47.Kb7 Kd6 48.Kb6  1/2-1/2

[Event "BCF-chT2 97/98"]
[Site "GBR"]
[Date "1997.??.??"]
[Round "3"]
[White "Reuben, Stewart"]
[Black "Adams, Mark"]
[Result "1/2-1/2"]
[WhiteElo "2230"]
[BlackElo "2100"]

1.c4 c6 2.b3 Nf6 3.Bb2 e6 4.d3 d5 5.Nd2 Nbd7 6.e4 dxe4 7.dxe4 Bb4 8.e5 Ne4
9.Nf3 Qa5 10.Qc2 Nxd2 11.Nxd2 Bxd2+ 12.Qxd2 Qxd2+ 13.Kxd2 b6 14.g3 Bb7 15.Bg2 O-O-O
16.Ke2 Nb8 17.Rhd1 Rxd1 18.Rxd1 Rd8 19.Rxd8+ Kxd8 20.Be4 Nd7 21.Ke3 h6 22.h4 Kc7
23.g4 c5 24.Bxb7 Kxb7 25.h5 Kc6 26.f4 Nf8 27.g5 hxg5 28.fxg5 Nh7 29.Kf4 g6
30.h6 Nf8 31.Bc1 Nh7 32.Bd2 Nf8 33.b4 Nh7 34.a3 a6 35.Ke4 b5 36.cxb5+ axb5
37.bxc5 Kxc5 38.Bb4+ Kc6 39.Be7 Kd7 40.Bf6 Kc6 41.Kd4 Nf8 42.Kc3 Kc7 43.Kb4 Kc6
44.Ka5 Nh7 45.Ka6 Nf8 46.Ka7 Kc7 47.Be7 Nh7 48.Ka6 Kc6 49.Ka5 Kd7 50.Bf6 Kc6
51.Kb4 Nf8 52.Kc3 Kd7 53.Kd4 Kc6 54.Bd8 Nh7 55.Ke4 Kd7 56.Bf6 Kc6 57.Kd4 Nf8
58.Kc3 Kd7 59.Kb3 Kc7 60.a4 bxa4+ 61.Kxa4 Kd7 62.Kb5 Nh7 63.Kb6 Nf8 64.Kc5 Nh7
65.Kd4 Nf8 66.Ke4 Nh7 67.Kf4 Ke8 68.Bg7 Kd7 69.Bh8 Ke8 70.Bf6 Kd7  1/2-1/2

[Event "Geneve op"]
[Site "Geneve"]
[Date "1997.??.??"]
[Round "4"]
[White "Gerber, Richard"]
[Black "Khenkin, Igor"]
[Result "0-1"]
[WhiteElo "2360"]
[BlackElo "2575"]

1.c4 c6 2.d4 d5 3.cxd5 cxd5 4.Bf4 Nf6 5.Nc3 Nc6 6.e3 Bg4 7.f3 Bd7 8.Bd3 e6
9.Bg5 h6 10.Bxf6 Qxf6 11.f4 Bd6 12.Nf3 g5 13.g3 gxf4 14.gxf4 Rg8 15.Qe2 Nb4
16.Bb1 Rc8 17.Rf1 a6 18.a3 Nc6 19.f5 Na5 20.e4 Bf4 21.fxe6 fxe6 22.exd5 Nb3
23.dxe6 Qxe6 24.Ba2 Qxe2+ 25.Nxe2 Nxa1 26.Bxg8 Nc2+ 27.Kf2 Be3+ 28.Kg3 Bb5
29.Rf2 Rc7  0-1

[Event "Gent op"]
[Site "Gent"]
[Date "1997.??.??"]
[Round "9"]
[White "Vandevoort, Pascal"]
[Black "Soderberg, Per"]
[Result "0-1"]
[WhiteElo "2315"]
[BlackElo "2255"]

1.c4 c6 2.d4 d5 3.Nc3 Nf6 4.e3 Bf5 5.cxd5 cxd5 6.Qb3 Qd7 7.Nf3 e6 8.Ne5 Qc7
9.Bb5+ Nfd7 10.Qa4 f6 11.Nxd7 Nxd7 12.Bd2 a6 13.Rc1 Qd8 14.Bxd7+ Qxd7 15.Qxd7+ Kxd7
16.Na4 Rb8 17.Nb6+ Ke8 18.Rc7 Be7 19.Nc8 Bf8 20.Ke2 g5 21.Rhc1 h5 22.Nb6 Rh7
23.Rxh7 Bxh7 24.Rc7 Be7 25.Bb4 Bxb4 26.Rxh7 Rd8 27.Rxb7 Bd6 28.h3 Rb8 29.Rxb8+ Bxb8
30.Na4 Ke7 31.Nc5 a5 32.f3 Ba7 33.Kd3 Bb6 34.Na4 Bc7 35.Nc3 f5 36.g4 hxg4
37.hxg4 fxg4 38.fxg4 Bd8 39.Kc2 Kd6 40.Kd3 Kc6 41.Nb1 Kd6 42.Nd2 Kc6 43.Nf3 Kb5
44.Ne5 Be7 45.Ng6 Bf6 46.e4 dxe4+ 47.Kxe4 Kc6 48.Ne5+ Kb5 49.Nd7 Bg7 50.Nc5 Bf6
51.Nxe6 Kc4 52.Kf5 Be7 53.Ke5  0-1

[Event "BL2-S9798"]
[Site "Germany"]
[Date "1997.??.??"]
[Round "?.2"]
[White "Panzalovic, Srdjan"]
[Black "Rausis, Igors"]
[Result "1-0"]
[WhiteElo "2415"]
[BlackElo "2490"]

1.c4 c6 2.d4 d5 3.Nf3 dxc4 4.e4 b5 5.Be2 Nf6 6.e5 Nd5 7.O-O Bg4 8.a4 b4 9.Bxc4 e6
10.Nbd2 Be7 11.Bd3 Nd7 12.Qc2 c5 13.dxc5 Nxc5 14.Bb5+ Nd7 15.Nd4 O-O 16.Nc6 Qe8
17.Nb3 Rc8 18.Qd3 Bf5 19.Qg3 Rc7 20.Bd2 a6 21.Nxe7+ Qxe7 22.Bxa6 Rc2 23.Bg5 f6
24.exf6 N5xf6 25.Nd4 Rc5 26.Rfe1 Qf7 27.Nxf5 exf5 28.Bxf6 Nxf6 29.b3 Ne4
30.Qe3 Kh8 31.Bc4 Qc7 32.Rad1 Nc3 33.Rd7 Qxd7 34.Qxc5 Rd8 35.Qxb4 Qd2 36.Qe7 Ne4
37.Rf1 h6 38.a5 Qxa5 39.Qf7 Qc5 40.h3 Nd2 41.Re1 Ne4 42.Re2 Rd1+ 43.Kh2 Rd8
44.g3 Rf8 45.Qd5 Qxd5 46.Bxd5 Nc3 47.Re5 Nxd5 48.Rxd5 Rb8 49.Rd3 g5 50.Kg2 Kg7
51.Kf3 Kf6 52.Ke3 Ke5 53.Kd2 h5 54.Kc3 Rc8+ 55.Kb2 Rb8 56.Rc3 Ke4 57.h4 g4
58.Rc4+ Kd5 59.Rf4 Ke5 60.b4 Ke6 61.Kb3 Ke5 62.Kc4 Rc8+ 63.Kb5 Rd8 64.Ka5 Ra8+
65.Kb6 Ra4 66.Kc6 Ra6+ 67.Kc5 Ra2 68.b5 Rc2+ 69.Kb6 Rb2 70.Kc6 Rc2+ 71.Kb7 Ke6
72.b6 Rb2 73.Kc7 Rc2+ 74.Kb8 Rb2 75.b7 Ra2 76.Kc7 Rc2+ 77.Kb6 Rb2+ 78.Kc6 Rb3
79.Rc4 Rb2 80.Rc5 Rb1 81.Kc7  1-0

[Event "BL2-W9798"]
[Site "Germany"]
[Date "1997.??.??"]
[Round "?.5"]
[White "Rosen, Bernd"]
[Black "Straeter, Timo"]
[Result "1/2-1/2"]
[WhiteElo "2330"]
[BlackElo "2300"]

1.c4 c6 2.Nf3 d5 3.g3 Nf6 4.Bg2 Bg4 5.Ne5 Bh5 6.cxd5 cxd5 7.Qa4+ Nbd7 8.Nc3 e6
9.g4 Bg6 10.h4 a6 11.Nxd7 Nxd7 12.h5 b5 13.Qd1 Be4 14.Nxe4 dxe4 15.Bxe4 Rc8
16.d4 Nf6 17.Bf3 Bb4+ 18.Kf1 O-O 19.Bg5 Be7 20.Kg2 Rc4 21.e3 Nd5 22.Bxe7 Qxe7
23.Rc1 f5 24.Bxd5 Rxc1 25.Qxc1 exd5 26.Qc6 Qe4+ 27.f3 Qxe3 28.Qxd5+ Kh8 29.h6 Qd2+
30.Kg3 gxh6 31.Qe5+ Kg8 32.Qe6+ Rf7 33.Qe8+ Kg7 34.Qe5+ Rf6 35.Qe7+ Rf7 36.Qe5+ Kf8
37.Qh8+ Ke7 38.Qe5+ Kf8 39.Re1 Kg8 40.Qe8+ Kg7 41.Qe5+ Kg6 42.Re2 Qg5 43.Rc2 f4+
44.Kh3 Qxe5 45.dxe5 Kg5 46.Rc5 Re7 47.e6+ Kg6 48.Re5 Kf6 49.Rf5+ Kg6 50.Rxf4 Rxe6
51.Kh4 Re2 52.Rb4 Rh2+ 53.Kg3 Re2 54.a4 bxa4 55.Rb6+ Kg7 56.Kf4 Rf2 57.Ke4 Rc2
58.f4 Rc5 59.Rxa6 Rb5 60.Ra7+ Kg8 61.f5 Rxb2 62.Ke5 Rb8 63.f6 Re8+ 64.Kf5 Rb8
65.Rg7+ Kh8 66.Ra7 Kg8 67.Ke6 Rb6+ 68.Ke7 Rb8 69.Ra6 a3 70.Rxa3  1/2-1/2

[Event "Bundesliga 9697"]
[Site "Germany"]
[Date "1997.??.??"]
[Round "?.6"]
[White "Bischoff, Klaus"]
[Black "Tischbierek, Raj"]
[Result "1-0"]
[WhiteElo "2550"]
[BlackElo "2490"]

1.c4 c6 2.e4 d5 3.exd5 cxd5 4.d4 Nf6 5.Nc3 e6 6.Nf3 Bb4 7.Bd3 dxc4 8.Bxc4 O-O
9.O-O Nbd7 10.Qb3 Bxc3 11.bxc3 b6 12.Bf4 Bb7 13.Be2 Nd5 14.Bd6 Re8 15.c4 Ne7
16.Rfd1 Nf6 17.Ba3 Ng6 18.h3 Ne4 19.Bf1 Qc7 20.Bb2 Qf4 21.a4 Ng5 22.Nxg5 Qxg5
23.Qe3 Qh5 24.Re1 Nh4 25.d5 Qg6 26.Qf4 Nf5 27.Re5 Qh6 28.Qxh6 Nxh6 29.Rae1 Bc8
30.a5 Bd7 31.dxe6 Bxe6 32.axb6 axb6 33.Rg5 g6 34.Rb5 Rab8 35.g4 Rec8 36.Be5 Ra8
37.Rb4 f5 38.Bf4 g5 39.Rxe6  1-0

[Event "Bundesliga 9697"]
[Site "Germany"]
[Date "1997.??.??"]
[Round "?.1"]
[White "Gabriel, Christian"]
[Black "Mueller, Karsten"]
[Result "0-1"]
[WhiteElo "2570"]
[BlackElo "2500"]

1.c4 c6 2.b3 d5 3.Bb2 Nf6 4.e3 Bf5 5.Bxf6 gxf6 6.Nc3 e6 7.a3 Nd7 8.d4 Bd6
9.Nge2 Qe7 10.c5 Bc7 11.Ng3 Bg6 12.Be2 f5 13.b4 a6 14.a4 e5 15.O-O h5 16.Re1 Nf6
17.Nf1 h4 18.Qb3 Ne4 19.f3 Ng5 20.b5 O-O 21.b6 Bd8 22.Rad1 Ne6 23.a5 f4 24.Qb4 fxe3
25.dxe5 Qg5 26.g3 hxg3 27.hxg3 Qxe5 28.f4 Qg7 29.Nxe3 Bf6 30.Na4 Be4 31.Kf2 Nxf4  0-1

[Event "Bundesliga 9697"]
[Site "Germany"]
[Date "1997.??.??"]
[Round "?.7"]
[White "Becker, Marc"]
[Black "Jugelt, Tobias"]
[Result "1-0"]
[WhiteElo "2415"]
[BlackElo "2375"]

1.c4 c6 2.Nf3 Nf6 3.g3 d5 4.b3 Bf5 5.Bg2 h6 6.Bb2 e6 7.O-O Be7 8.d3 O-O 9.Nbd2 Nbd7
10.a3 a5 11.Qc2 Bh7 12.Bc3 b5 13.cxb5 cxb5 14.Qb2 Qb6 15.b4 axb4 16.axb4 Ra4
17.Rfc1 Rb8 18.h3 Bd6 19.Bd4 Qa6 20.Ne5 Bf8 21.Nb3 Ra8 22.Nc6 Bg6 23.Nba5 Rxa1
24.Rxa1 Bd6 25.Ne5 Nxe5 26.Bxe5 Ne8 27.Bxd6 Qxd6 28.Rc1 Nc7 29.Rc6 Qd7 30.Qc3 Ra7
31.Qc5 Ne8 32.Rc8 f6 33.Rc6 Kh7 34.Qxb5 Qe7 35.Qb6 Bf7 36.Kh2 Rd7 37.d4 Nd6
38.Qc5 e5 39.dxe5 Qxe5 40.e3 h5 41.Qc3 Nc4 42.Qxe5 Nxe5 43.Rc2 d4 44.exd4 Rxd4
45.Rb2 Nd3 46.Rd2 Bg6 47.Nc6 Rc4 48.b5 Rc1 49.Ne7 Nc5 50.Nxg6 Kxg6 51.b6 Rb1
52.Rd5 Rc1 53.Rd8 Rb1 54.Rc8 Rb5 55.Bc6  1-0

[Event "BL2-O9697"]
[Site "Germany"]
[Date "1997.??.??"]
[Round "?.3"]
[White "Tischer, Guenter"]
[Black "Kuraszkiewicz, Michael"]
[Result "0-1"]
[WhiteElo "2345"]
[BlackElo "2300"]

1.c4 c6 2.Nf3 d5 3.b3 Bf5 4.Bb2 e6 5.e3 Nf6 6.Be2 Nbd7 7.O-O Bd6 8.Nc3 h6
9.d3 Qe7 10.Qc2 Bh7 11.e4 dxe4 12.Nxe4 Nxe4 13.dxe4 Nc5 14.Bxg7 Rg8 15.Qb2 Nxe4
16.Rad1 O-O-O 17.Be5 Ba3 18.Qa1 f6 19.Rxd8+ Rxd8 20.Bd4 b6 21.Rd1 e5 22.Be3 Ng5
23.Rxd8+ Qxd8 24.h4 Nf7 25.Qc3 Qd6 26.Ne1 Bb4 27.Qc1 f5 28.g3 f4 29.gxf4 Bxe1
30.Qxe1 exf4 31.Bd2 Bf5 32.Bh5 Nd8 33.Bc3 Qd3 34.Bg7 Ne6 35.Bxh6 Nd4 36.Qe5 Be4
37.Bg4+ Nf5 38.Kh2 Kb7 39.Bxf5 Bxf5 40.Qxf4 Be4 41.Qe3 Qb1 42.Kg3 Bh7 43.Qe7+ Ka6
44.Be3 Qg6+ 45.Qg5 Qb1 46.Qh6 Qg1+ 47.Kf4 Qh2+ 48.Kg4 Qg2+ 49.Kh5 Qf3+  0-1

[Event "Bundesliga 9798"]
[Site "Germany"]
[Date "1997.??.??"]
[Round "?.5"]
[White "Roos, Louis"]
[Black "Pichler, Juergen"]
[Result "1-0"]
[WhiteElo "2365"]
[BlackElo "2395"]

1.c4 c6 2.Nf3 d5 3.e3 Nf6 4.b3 Bg4 5.Bb2 e6 6.h3 Bh5 7.Be2 Nbd7 8.Nc3 Bd6
9.O-O O-O 10.Rc1 a6 11.cxd5 cxd5 12.Nd4 Bxe2 13.Qxe2 Qe7 14.f4 Ba3 15.d3 Rfc8
16.Bxa3 Qxa3 17.Rc2 Rc7 18.Ncb5 Rxc2 19.Nxa3 Rxe2 20.Nxe2 Kf8 21.Rc1 Ke7
22.Kf2 Kd6 23.Nd4 Rg8 24.Nf3 h6 25.g4 Nc5 26.Ke2 Nfd7 27.b4 Na4 28.e4 Nab6
29.e5+ Ke7 30.Rc7 Rb8 31.Nd4 Kd8 32.Rc1 Rc8 33.Rg1 g5 34.f5 Ke7 35.f6+ Ke8
36.Nf3 Nf8 37.Kd2 Ng6 38.Rh1 Nd7 39.d4 Nb6 40.h4 Na4 41.Nb1 Rc4 42.hxg5 hxg5
43.Ke3 Rc2 44.Nxg5 Nb2 45.Rh7 Nc4+ 46.Kf3 Rc1 47.Nxf7 Nf8 48.Nd6+ Nxd6 49.Re7+ Kd8
50.exd6 Rxb1 51.f7 Ng6 52.Rxe6 Rf1+ 53.Kg3  1-0

[Event "BL2-N9697"]
[Site "Germany"]
[Date "1997.??.??"]
[Round "?.1"]
[White "Kalinitschew, Sergey"]
[Black "Gisbrecht, Ewgeni"]
[Result "1-0"]
[WhiteElo "2520"]
[BlackElo "2405"]

1.c4 c6 2.e4 e5 3.Nf3 d6 4.d4 Nd7 5.Nc3 Ngf6 6.Be2 Be7 7.Be3 O-O 8.O-O exd4
9.Nxd4 Nc5 10.Qc2 a5 11.Rad1 Qc7 12.Rd2 Re8 13.Nb3 Nxb3 14.axb3 Bf8 15.Rfd1 Nd7
16.Na4 b6 17.Bg4 Nc5 18.Bxc8 Raxc8 19.Nxc5 bxc5 20.Bf4 Re6 21.f3 g6 22.Rd3 Rb8
23.h3 Rb7 24.Kh1 Qb6 25.Bxd6 Bxd6 26.Rxd6 Rxd6 27.Rxd6 Qxb3 28.Qxb3 Rxb3
29.Rd8+ Kg7 30.Ra8 Kf6 31.Rxa5 Ke6 32.Rxc5 Kd6 33.Ra5 Rxb2 34.Ra7 f5 35.exf5 gxf5
36.Rxh7 Kc5 37.Rh4 Rc2 38.Rf4 Rxc4 39.Rxc4+ Kxc4 40.h4 Kd5 41.h5 Ke6 42.g4  1-0

[Event "BL2-N9697"]
[Site "Germany"]
[Date "1997.??.??"]
[Round "?.1"]
[White "Lagunow, Alexander"]
[Black "Kalinitschew, Sergey"]
[Result "1/2-1/2"]
[WhiteElo "2440"]
[BlackElo "2520"]

1.c4 c6 2.Nf3 d5 3.e3 Nf6 4.Nc3 a6 5.d4 Bg4 6.h3 Bxf3 7.Qxf3 b5 8.b3 e6 9.Bd2 Bd6
10.Bd3 Bc7 11.O-O O-O 12.cxd5 cxd5 13.e4 b4 14.Ne2 Nc6 15.Rac1 Qd7 16.Bg5 dxe4
17.Bxe4 Nxe4 18.Qxe4 Ne7 19.Bxe7 Qxe7  1/2-1/2

[Event "Landesliga Sued 9697 Bayern"]
[Site "Germany"]
[Date "1997.??.??"]
[Round "?"]
[White "Terzic, Safet"]
[Black "Kaunzinger, Albert"]
[Result "1/2-1/2"]
[WhiteElo "2320"]
[BlackElo "2280"]

1.c4 c6 2.g3 d5 3.Bg2 Nf6 4.Nf3 Bf5 5.Qb3 Qb6 6.Nc3 e6 7.d3 h6 8.O-O Nbd7
9.Be3 Qa6 10.cxd5 exd5 11.Bd4 Be7 12.e4 dxe4 13.dxe4 Be6 14.Qc2 O-O 15.Rfe1 Rfd8
16.Rad1 Rac8 17.h3 b5 18.Qe2 Bc4 19.Qe3 b4 20.Ne2 c5 21.Bxf6 Nxf6 22.Nc1 Be6  1/2-1/2

[Event "Landesliga Sued 9697 Bayern"]
[Site "Germany"]
[Date "1997.??.??"]
[Round "?"]
[White "Stocker, Rupert"]
[Black "Steinberg, Sven"]
[Result "1-0"]
[WhiteElo "2110"]
[BlackElo "1995"]

1.c4 c6 2.e4 d5 3.cxd5 cxd5 4.exd5 Nf6 5.Bb5+ Nbd7 6.Nc3 a6 7.Be2 Nb6 8.Bf3 Nbxd5
9.Qb3 e6 10.Nge2 Be7 11.O-O O-O 12.d4 h6 13.Nxd5 Nxd5 14.Nc3 Nxc3 15.bxc3 Rb8
16.a4 Qc7 17.c4 Bd7 18.Be3 b5 19.cxb5 axb5 20.a5 Qd6 21.a6 Bc6 22.Bf4  1-0

[Event "Landesliga Nord 9697 Bayern"]
[Site "Germany"]
[Date "1997.??.??"]
[Round "?"]
[White "Gross, Stefan"]
[Black "Kreuzer, Martin"]
[Result "1-0"]
[WhiteElo "2275"]
[BlackElo "2340"]

1.c4 c6 2.e4 e6 3.d4 d5 4.e5 dxc4 5.Bxc4 Ne7 6.Nf3 Nd5 7.Nc3 Be7 8.O-O O-O
9.Ne4 f5 10.exf6 gxf6 11.Bh6 Rf7 12.a3 Nd7 13.Re1 Nf8 14.Qd2 Ng6 15.Rad1 b6
16.h4 Bf8 17.h5 Nge7 18.Nh4 Bxh6 19.Qxh6 Qf8 20.Qxf8+ Rxf8 21.g3 Bd7 22.Rd3 Kg7
23.Bb3 Kh6 24.Bd1 Rad8 25.Nd6 Nc8 26.Nc4 Rg8 27.Kh2 Rdf8 28.f4 b5 29.Na5 Nce7
30.Nb7 Nc7 31.Nc5 Bc8 32.Bf3 Kg7 33.f5 Kf7 34.fxe6+ Ke8 35.Ng2 Ned5 36.Ne3 f5
37.Nxd5 cxd5 38.Re5 f4 39.g4 Ke7 40.Rd2 Kd6 41.Rde2 Re8 42.Rf5 Bxe6 43.Rxf4 Ref8
44.Rxf8 Rxf8 45.Kg3 Bc8 46.Re5 a5 47.b4 axb4 48.axb4 h6 49.g5 hxg5 50.Rxg5 Bf5
51.Bg4 Bxg4 52.Kxg4 Ne8 53.Rg6+ Ke7 54.Re6+ Kf7 55.Kg5 Rg8+ 56.Rg6 Ng7 57.Kg4 Re8
58.Rb6 Re1 59.h6 Ne8 60.Kf5 Kg8 61.Ne6 Rf1+ 62.Nf4 Rh1 63.Nxd5 Rh5+ 64.Ke4 Rh4+
65.Nf4 Kf7 66.Kf5  1-0

[Event "Landesliga Nord 9697 Bayern"]
[Site "Germany"]
[Date "1997.??.??"]
[Round "?"]
[White "Bunk, Karsten"]
[Black "Salac, Jiri"]
[Result "0-1"]
[WhiteElo "2100"]
[BlackElo "2160"]

1.c4 c6 2.d4 d5 3.Nf3 Nf6 4.g3 dxc4 5.Qc2 b5 6.Bg2 Bb7 7.O-O e6 8.Rd1 Be7
9.a4 a6 10.Ne5 Qb6 11.Nc3 O-O 12.e4 Rd8 13.Be3 Qc7 14.Bf4 Qc8 15.Bh3 Nbd7
16.Nf3 Nf8 17.Rd2 Ng6 18.Be3 Qc7 19.e5 Nd5 20.Bg5 Nxc3 21.bxc3 c5 22.Bg2 cxd4
23.Bxe7 Nxe7 24.cxd4 h6 25.Rb1 Bc6 26.g4 Qb7 27.Ne1 Ng6 28.d5 Bxd5 29.axb5 axb5
30.Bxd5 Rxd5 31.Qe4 Rb8 32.Rd4 Nxe5 33.Nc2 Rxd4  0-1

[Event "Landesliga Sued 9697 Bayern"]
[Site "Germany"]
[Date "1997.??.??"]
[Round "?"]
[White "Galow, Wolfgang"]
[Black "Werner, Konrad"]
[Result "1-0"]
[WhiteElo "1950"]
[BlackElo "1980"]

1.c4 c6 2.Nc3 d5 3.cxd5 cxd5 4.d4 Nf6 5.Nf3 Nc6 6.Bf4 a6 7.e3 e6 8.Bd3 Be7
9.O-O O-O 10.Ne5 Nxe5 11.dxe5 Nd7 12.Rc1 b5 13.e4 d4 14.Ne2 Bc5 15.Qd2 b4
16.Bc2 Qb6 17.Ba4 Rd8 18.Bg5 f6 19.exf6 Nxf6 20.e5 Ne4 21.Bxd8 Qxd8 22.Qd3 Qd5
23.Nf4 Qxe5 24.Bc6  1-0

[Event "BL2-W9697"]
[Site "Germany"]
[Date "1997.??.??"]
[Round "?.5"]
[White "Schulz, Klaus Juergen"]
[Black "Gawehns, Klaus"]
[Result "1/2-1/2"]
[WhiteElo "2400"]
[BlackElo "2395"]

1.c4 c6 2.e4 d5 3.exd5 cxd5 4.d4 Nf6 5.Nc3 e6 6.Nf3 Be7 7.cxd5 Nxd5 8.Bd3 O-O
9.O-O Nxc3 10.bxc3 Qc7 11.Qe2 Nd7 12.c4 g6 13.h4 Bf6 14.Bg5 b6 15.Rac1 Bb7
16.Be4 Rac8 17.Rfd1 Rfe8 18.Bxb7 Qxb7 19.Bxf6 Nxf6 20.Qb2 Qe7 21.Re1 Qd6
22.c5 Qf4 23.cxb6 Rxc1 24.Qxc1 Qxc1 25.Rxc1 axb6 26.Rc7 Nd5 27.Rb7 f6 28.g4 Re7
29.Rxe7 Nxe7 30.Kf1 Nd5 31.Nd2 Kf7 32.Ke2 Nc3+ 33.Kd3 Nxa2 34.Kc4 Nc1 35.Ne4 Ke7
36.g5 fxg5 37.hxg5 Ne2 38.Kd3 Nf4+ 39.Kc4 Nd5 40.Kb5 Kd7 41.Nd2 Kd6 42.Ne4+ Kc7
43.f3 Kd7 44.Nd2 e5 45.dxe5 Ke6 46.Nc4 Nf4 47.Kxb6 Nh3 48.Kc5 Nxg5 49.f4 Nh3
50.f5+ Kxf5 51.Kd6 Nf4 52.Ne3+ Ke4 53.Nf1 h5 54.e6 Nxe6 55.Kxe6 Kf4 56.Kf6 g5
57.Kg6 h4 58.Kh5  1/2-1/2

[Event "BL2-W9697"]
[Site "Germany"]
[Date "1997.??.??"]
[Round "?.5"]
[White "Lehmann, Holger"]
[Black "Neidhardt, Claus Ulrich"]
[Result "0-1"]
[WhiteElo "2175"]
[BlackElo "2415"]

1.c4 c6 2.d4 d5 3.cxd5 cxd5 4.Nc3 Nf6 5.Bf4 Qb6 6.Qd2 Nc6 7.e3 Bf5 8.f3 e6
9.g4 Bg6 10.Rc1 Be7 11.Nh3 O-O 12.Nf2 Nd7 13.Bg3 Rac8 14.Bd3 Na5 15.O-O Nc4
16.Bxc4 Rxc4 17.Nd3 Bxd3 18.Qxd3 Qxb2 19.Rc2 Qa3 20.Rb1 Rfc8 21.Rb3 Qa6 22.Rcb2 b6
23.Nb5 Nb8 24.Kg2 Qb7 25.h4 Nc6 26.Nd6 Bxd6 27.Bxd6 Na5 28.Rb5 Qc6 29.Bg3 Rc3
30.Qe2 Nc4 31.Bf2 Nxb2 32.Qxb2 Rc2 33.Qb3 Qc4 34.Qxc4 R8xc4 35.a3 Ra2 36.Kg3 Rxa3  0-1

[Event "BL2-W9697"]
[Site "Germany"]
[Date "1997.??.??"]
[Round "?.4"]
[White "Wilde, Pierre"]
[Black "Gawehns, Klaus"]
[Result "0-1"]
[WhiteElo "2290"]
[BlackElo "2395"]

1.c4 c6 2.Nf3 d5 3.Qc2 Nf6 4.g3 Bg4 5.Bg2 e6 6.b3 Nbd7 7.Bb2 Bd6 8.O-O O-O
9.d4 Bf5 10.Qd1 h6 11.Nc3 a5 12.Nd2 Bb4 13.a3 Be7 14.e4 dxe4 15.Ndxe4 Nxe4
16.Nxe4 Nf6 17.Nc3 Qb6 18.c5 Qc7 19.Qe2 b6 20.Na4 b5 21.Nb6 Ra7 22.a4 b4
23.Bc1 Nd5 24.Nxd5 exd5 25.Bf4 Qd7 26.Rae1 Bf6 27.Qd2 Raa8 28.Be5 Bg5 29.Qd1 Rfe8
30.h4 Be7 31.f3 Bf8 32.g4 Bh7 33.Kh2 Re7 34.Bg3 Rae8 35.Rxe7 Bxe7 36.Re1 Bf6
37.Rxe8+ Qxe8 38.Qd2 Qe7 39.Kh3 Qe6 40.Bf1 h5 41.Bd3 hxg4+ 42.fxg4 Be4 43.Ba6 g6
44.Bc7 Bxh4 45.Bxa5 Qf6 46.Qe2 Qh8  0-1

[Event "BL2-W9697"]
[Site "Germany"]
[Date "1997.??.??"]
[Round "?.4"]
[White "Tomaszewski, Roman"]
[Black "Haba, Petr"]
[Result "0-1"]
[WhiteElo "2320"]
[BlackElo "2520"]

1.c4 c6 2.d4 d5 3.cxd5 cxd5 4.Nf3 Nf6 5.Nc3 Nc6 6.Ne5 e6 7.Qa4 Bd7 8.Nxd7 Nxd7
9.e3 Nb6 10.Qd1 Bd6 11.Bd3 O-O 12.O-O Rc8 13.f4 g6 14.g4 Qh4 15.Kh1 f5 16.Rg1 Ne7
17.g5 h6 18.Bd2 hxg5 19.Rxg5 Kf7 20.Nb5 Bb8 21.Bb4 Rh8 22.Qg1 Nc6 23.Nd6+ Bxd6
24.Bxd6 Nd7 25.Rxg6 Rcg8 26.Rxg8 Rxg8 27.Qe1 Qh6 28.Be2 Nf6 29.Bf3 Ng4 30.Bxg4 Rxg4
31.Qf2 Qh3 32.b4 Ke8 33.a3 Kd7 34.Be5 a6 35.Bf6 Na7 36.Rc1 Nc8 37.Be5 Nd6
38.Bxd6 Kxd6 39.Qf1 Qxe3  0-1